The vision / (Record no. 147946)

MARC details
000 -LEADER
fixed length control field 00719nam a2200241 a 4500
008 - FIXED-LENGTH DATA ELEMENTS--GENERAL INFORMATION
fixed length control field
020 ## - INTERNATIONAL STANDARD BOOK NUMBER
International Standard Book Number 0566077973 (cased)
049 ## - LOCAL HOLDINGS (OCLC)
Holding library MAIN
090 ## - LOCALLY ASSIGNED LC-TYPE CALL NUMBER (OCLC); LOCAL CALL NUMBER (RLIN)
Classification number (OCLC) (R) ; Classification number, CALL (RLIN) (NR) HF5438.4
Local cutter number (OCLC) ; Book number/undivided call number, CALL (RLIN) ISR
003 - CONTROL NUMBER IDENTIFIER
control field
005 - DATE AND TIME OF LATEST TRANSACTION
control field 20230123133411.0
040 ## - CATALOGING SOURCE
Transcribing agency NUST
100 1# - MAIN ENTRY--PERSONAL NAME
Personal name Israel, Richard.
245 14 - TITLE STATEMENT
Title The vision /
Statement of responsibility, etc. Richard Israel and Julianne Crane ; illustrated by Dru Fuller.
260 ## - PUBLICATION, DISTRIBUTION, ETC.
Place of publication, distribution, etc. Brookfield, Vt. :
Name of publisher, distributor, etc. Gower,
Date of publication, distribution, etc. c1996.
300 ## - PHYSICAL DESCRIPTION
Extent viii, 132 p. :
Other physical details ill. ;
Dimensions 23 cm.
650 #0 - SUBJECT ADDED ENTRY--TOPICAL TERM
Topical term or geographic name entry element Sales management.
650 #0 - SUBJECT ADDED ENTRY--TOPICAL TERM
Topical term or geographic name entry element Creative ability in business.
650 #0 - SUBJECT ADDED ENTRY--TOPICAL TERM
Topical term or geographic name entry element Success in business.
700 1# - ADDED ENTRY--PERSONAL NAME
Personal name Crane, Julianne.
907 ## - LOCAL DATA ELEMENT G, LDG (RLIN)
a .b10087515
b 04-06-13
c 03-09-03
942 ## - ADDED ENTRY ELEMENTS (KOHA)
Koha item type Ordinary Loan Books
Call number prefix HF5438.4
Call number suffix ISR
Holdings
Date last seen Total Checkouts Full call number Barcode Cost, replacement price Price effective from Koha item type Lost status Source of classification or shelving scheme Damaged status Not for loan Collection Withdrawn status Home library Current library Shelving location Date acquired Cost, normal purchase price
01/23/2023 2 HF5438.4 ISR 92003008567 80.00 01/23/2023 BOOKS   LCC     NFIC   MAIN MAIN GEN 01/23/2023 80.00